MARC

LEADER 00000nam0a2200000 4500
001 312648
005 20231102002515.0
020 |a RU  |b 82-45527 
035 |a (RuTPU)RU\TPU\book\338017 
090 |a 312648 
100 |a 20151225d1982 km y0rusy5003 ca 
101 0 |a rus 
102 |a RU 
105 |a a g 001zy 
200 1 |a Машины для гидромеханизации земляных работ  |f Б. М. Шкундин  |g Центральный научно-исследовательский и проектно-экспериментальный институт организации, механизации и технической помощи строительству ; под ред. С. П. Епифанова 
205 |a 2-е изд., перераб. и доп. 
210 |a Москва  |c Стройиздат  |d 1982 
215 |a 184 с.  |c ил. 
225 1 |a Справочное пособие по строительным машинам 
300 |a На обл. авт. не указан 
305 |a Загл. 1-го изд.: Справочное пособие по строительным машинам. Вып. 3 : Машины для гидромеханизации земляных работ 
320 |a Библиогр.: с. 180 
320 |a Предметный указатель: с. 181-182 
606 1 |a Гидромеханизация земляных работ  |2 stltpush  |3 (RuTPU)RU\TPU\subj\6771  |9 34574 
610 1 |a земляные работы 
610 1 |a строительные машины 
610 1 |a насосное оборудование 
610 1 |a землесосные снаряды 
610 1 |a дренажные устройства 
610 1 |a земснаряды 
610 1 |a трубопроводы 
610 1 |a гидравлический удар 
610 1 |a справочники 
675 |a 624.132.34(035)  |z rus  |v 4 
700 1 |a Шкундин  |b Б. М.  |g Борис Маркович  |4 070 
702 1 |a Епифанов  |b С. П.  |4 340 
712 0 2 |a Центральный научно-исследовательский и проектно-экспериментальный институт организации, механизации и технической помощи строительству  |c (Москва)  |c (1966- )  |2 stltpush  |3 (RuTPU)RU\TPU\col\13142  |9 25602 
801 0 |a RU  |b RuMRKP  |c 19950704  |g psbo 
801 1 |a RU  |b 63413507  |c 20151225 
801 2 |a RU  |b 63413507  |c 20180809  |g RCR 
942 |c BK